01669cam a22003857a 4500003000500000005001700005008004100022010001000063011001000073035001000083040000900093090001000102100004600112245017300158260004100331300003000372502011700402590003700519590004100556590004100597590004100638590004200679650003300721650003000754650003300784700004300817901000700860905002600867942000900893949005500902949004200957999001700999952014001016952012701156CHAP20220329141831.0971127d1997 mx b r 00110 spa d a74547 a75519 a85083 cCHAP aTesis00aRoldán Meneses, Carlos Fernando.99942610aPerspectivas del aguacate Hass (Persea americana Mill.) michoacano en el mercado noreste de E.U.A.c/por Carlos Fernando Roldán Meneses y Luis Ambrosio Velasco Pradal aChapingo, Méx. :bEl autor,c1997. a154 h. :bmapa ; gráfs. aTesis (Lic. en Comercio Internacional de Productos Agropecuarios) -- UACH. Departamento de Economía Agrícola aALEPHb10c20130110lUCH01h1420 aBATCH-UPDb10c20130110lUCH01h0419 aBATCH-UPDb10c20130410lUCH01h0054 aBATCH-UPDb10c20130913lUCH01h2304 aCONVERSIONb10c20130109lUCH01h134114aAguacatexExportacion.9251514aAguacatexMercadeo.9253414aAguacatexMichoacán.925350 aVelasco Pradal, Luis Ambrosio.9118430 aBK aAlejandra Carrasco M. cFOLL bBCcTESd33724000637971eTS2fc.2h31538i85083si bBCcTESd850831eTS1h31537i85083sb c74547d74547 00102local4053708TESISaBCbBCcPA_TESISd2019-12-31fTESISl0oTesisp33724000637971r2019-12-31 00:00:00tc.2w2019-12-31yTESIS 00102local4051708TESISaBCbBCcPA_TESISd2019-12-31fTESISl0oTesisp850831r2019-12-31 00:00:00w2019-12-31yTESIS